000
00255nam a22001217a 4500
008
190306b xxu||||| |||| 00| 0 eng d
041
_a
eng
080
_2
4th
_a
573
100
_a
11
101
_a
BIO
245
_a
Biology
_c
Campbell,N.A
942
_2
udc
_c
BK
999
_c
54603
_d
54603